| 000 -ლიდერი |
| ფიქსირებული სიგრძის საკონტროლო ველი |
01406nam a2200241Ia 4500 |
| 001 - საკონტროლო ნომერი |
| საკონტროლო ველი |
12335 |
| 003 - საკონტროლო ნომრის იდენტიფიკატორი |
| საკონტროლო ველი |
GE_BSU |
| 005 - ბოლო ოპერაციის თარიღი და დრო |
| საკონტროლო ველი |
20240701122749.0 |
| 008 - ფიქსირებული სიგრძის მონაცემთა ელემენტები - ზოგადი ინფორმაცია |
| ფიქსირებული სიგრძის საკონტროლო ველი |
181216s2014||||geo|||||||||||||| ||ge || |
| 020 ## - წიგნის საერთაშორისო სტანდარტული ნომერი |
| International Standard Book Number |
9789941436925 |
| 040 ## - კატალოგიზაციის წყარო |
| Transcribing agency |
GE_BSU |
| 041 ## - ენის კოდი |
| Language code of text/sound track or separate title |
geo |
| 080 ## - უნივერსალური ათობითი კლასიფიკაციის ინდექსი |
| Universal Decimal Classification number |
376.2 ო-99 |
| 245 ## - ცნობა სათაურის შესახებ |
| Title |
ოჯახის და სკოლის თანამშრომლობა = FAMILY AND SCHOOL COOPERATION / |
| Statement of responsibility, etc |
ავტ. და შემდგ. : გიორგი ბისეიშვილი, ნინო გოგიჩაძე, ლუმი იანგი და სხვ. ; მთ. რედ. მადონა ხარებავა. |
| 264 ## - წარმოების, გამოცემის, დისტრიბუციის და სხვა ცნობები |
| გამოცემის, წარმოების, დისტრიბუციის... ადგილი |
თბილისი : |
| გამოცემის, წარმოების, დისტრიბუციის... სახელწოდება |
ნეკერი, |
| გამოცემის, წარმოების, დისტრიბუციის... თარიღი |
2014. |
| 300 ## - ფიზიკური აღწერა |
| Extent |
138 გვ. ; |
| Dimensions |
20 სმ. |
| 300 ## - ფიზიკური აღწერა |
| Other physical details |
დანართი 1,2,3,4 - გვ:127-131. |
| 500 ## - ზოგადი შენიშვნა |
| General note |
შეზღუდული შესაძლებლობის მქონე ქალთა და შეზღუდ. შესაძლ. მქონე ბავშვთა დედათა ასოციაცია "დეა |
| 501 ## - შენიშვნა თანმხლებ მასალაზე |
| With note |
დანართი 1,2,3,4 - გვ. : 127-131 |
| 653 ## - INDEX TERM--UNCONTROLLED |
| Uncontrolled term |
ოჯახის და სკოლის თანამშრომლობა = FAMILY AND SCHOOL COOPERATION. |
| 700 ## - ADDED ENTRY--PERSONAL NAME |
| Personal name |
ხარებავა, მადონა |
| Relator term |
რედაქტორი |
| 9 (RLIN) |
22635 |
| 942 ## - ADDED ENTRY ELEMENTS (KOHA) |
| Koha item type |
წიგნი |
| Source of classification or shelving scheme |
|